000
00331nam a2200133Ia 4500
008
220217s9999||||xx |||||||||||||| ||und||
020
_a
0333-90406-0
082
_a
005.453 DHA
100
_a
Dhamdhere
245
0
_a
Compiler construction
260
_a
Macmillan
_b
Delhi
_c
2003
300
_b
195
650
_a
Operating systems
999
_c
173425
_d
173425